| 000 | 01603nam a2200253Ia 4500 | ||
|---|---|---|---|
| 003 | Ost | ||
| 005 | 20260507075407.0 | ||
| 008 | 260507s9999||||xx |||||||||||||| ||und|| | ||
| 020 | _a43843299579 | ||
| 040 | _cfsecg | ||
| 041 | _aara | ||
| 082 | _a330 | ||
| 100 |
_aالخطيب، خالد شحادة _eمؤلف |
||
| 245 | 0 |
_aالأصول العلمية والعملية في المحاسبة الضريبية / _c خالد شحادة الخطيب |
|
| 260 |
_aعمان: _bدار الحامد, _c2008 |
||
| 300 |
_a473 صفحة؛ _bإيضاحات ؛ _c24 سم |
||
| 504 | _aالمراجع ص.335؛ الملاحق ص.337 | ||
| 520 | _aمدخل لدراسة ضريبة الدخل، خصائص الضريبة على الدخل، قانون الضريبة على الدخل في الأردن، معادلات الضريبة على الدخل ضريبة الدخل من كسب العمل ، الضريبة على الشركات، الضريبة على النمشآت الفردية، التقدير الضريبي على البنوك والشركات الماليةوشركات التأمين، التصريح الضريبي والبيانات الواجبة على المكلف بضريبة الدخل تقديمها، المستندات والحسابات المنتظمة تحصيل الضريبة والرديات، اعتراض واستئناف قضايا ضريبة الدخل | ||
| 653 | _aالضرائب- محاسبة | ||
| 653 | _aالضريبة على الدخل | ||
| 653 | _aالمحاسبة | ||
| 700 |
_aطافش، نادية فريد _eمؤلف ثانوي |
||
| 942 | _cكتاب | ||
| 999 |
_c44323 _d44323 |
||